[Event "3rd EUR-ch"]
[Site "Batumi GEO"]
[Date "2002.06.15"]
[Round "4"]
[White "Gurcan, Selim"]
[Black "Mamedyarova, Zeinab"]
[Result "1-0"]
[WhiteElo "2283"]
[BlackElo "2312"]
[EventDate "2002.06.12"]
[PlyCount "59"]

1.e4 e5 2.Nf3 Nc6 3.d4 exd4 4.Nxd4 Bc5 5.Nxc6 Qf6 6.Qd2 dxc6 7.Nc3 Be6 8.
Na4 Rd8 9.Bd3 Bd4 10.O-O a6 11.Qa5 b5 12.Nc3 Bb6 13.Qxa6 Nh6 14.Be3 Bc8 
15.Qa3 Bxe3 16.fxe3 Qe5 17.Be2 Be6 18.Rad1 Rb8 19.Qb4 Ng4 20.Bxg4 Bxg4 21.
Qd4 Qg5 22.h4 Qh6 23.Qe5+ Be6 24.Qc5 Rb6 25.Rf4 g5 26.hxg5 Qf8 27.Qe5 Rb7 
28.Nd5 cxd5 29.exd5 Rb6 30.dxe6 1-0

[Event "3rd EUR-ch"]
[Site "Batumi GEO"]
[Date "2002.06.16"]
[Round "5"]
[White "Kotronias, Vasilios"]
[Black "Jobava, Baadur"]
[Result "1-0"]
[WhiteElo "2580"]
[BlackElo "2566"]
[EventDate "2002.06.12"]
[PlyCount "69"]

1.e4 c5 2.Nf3 d6 3.d4 cxd4 4.Nxd4 Nf6 5.Nc3 a6 6.Bg5 e6 7.f4 Nbd7 8.Qf3 
Qc7 9.O-O-O b5 10.Bd3 Bb7 11.Rhe1 O-O-O 12.f5 e5 13.Nb3 Be7 14.a4 b4 15.
Bxf6 Nxf6 16.Nd5 Nxd5 17.exd5 a5 18.Re4 Kb8 19.Rc4 Qb6 20.Be4 h5 21.Kb1 h4
22.Ka2 Bg5 23.c3 Be3 24.cxb4 axb4 25.Re1 Bf4 26.Bd3 Ka8 27.a5 Qa7 28.Rc7 
Qb8 29.Rxf7 Qc8 30.Bb5 Rhf8 31.Rxg7 Rxf5 32.a6 e4 33.axb7+ Qxb7 34.Rxb7 
exf3 35.Bc6 1-0

[Event "3rd EUR-ch"]
[Site "Batumi GEO"]
[Date "2002.06.16"]
[Round "5"]
[White "Alexandrov, Alexei"]
[Black "Marin, Mihail"]
[Result "1/2-1/2"]
[WhiteElo "2654"]
[BlackElo "2556"]
[EventDate "2002.06.12"]
[PlyCount "76"]

1.d4 Nf6 2.c4 e6 3.Nc3 Bb4 4.e3 c5 5.Ne2 cxd4 6.exd4 O-O 7.a3 Be7 8.Nf4 d6
9.Be2 e5 10.Nfd5 Nxd5 11.Nxd5 Nc6 12.dxe5 dxe5 13.Be3 Bg5 14.O-O Be6 15.b4
Bxe3 16.fxe3 a5 17.Qb3 axb4 18.axb4 Rxa1 19.Rxa1 Bxd5 20.cxd5 Ne7 21.e4 
Qb6+ 22.Kh1 Qd4 23.Rd1 Qxe4 24.Bf3 Qh4 25.Qc3 e4 26.g3 Qh6 27.Bxe4 Nc8 28.
d6 Nxd6 29.Bg2 Qe6 30.Qd3 Ne8 31.Qd5 b6 32.Qxe6 fxe6 33.Rd7 Nf6 34.Rd6 Nd5
35.b5 Kf7 36.Bxd5 exd5 37.Rxb6 d4 38.Rd6 Rb8 1/2-1/2

[Event "3rd EUR-ch"]
[Site "Batumi GEO"]
[Date "2002.06.16"]
[Round "5"]
[White "Kharlov, Andrei"]
[Black "Supatashvili, Khvicha"]
[Result "1-0"]
[WhiteElo "2633"]
[BlackElo "2509"]
[EventDate "2002.06.12"]
[PlyCount "83"]

1.c4 e5 2.Nc3 Bb4 3.Nd5 Be7 4.d4 d6 5.Nf3 e4 6.Nd2 f5 7.e3 Nf6 8.Nf4 O-O 
9.b4 c5 10.Nb3 cxb4 11.a3 g5 12.Nh3 h6 13.axb4 d5 14.c5 Be6 15.Ng1 Nbd7 
16.Ne2 a6 17.Bd2 Qc7 18.Nc3 f4 19.Be2 Bf5 20.Qc1 f3 21.gxf3 exf3 22.Bxf3 
Qc6 23.Bg2 Qe6 24.O-O Bd3 25.Re1 g4 26.Nxd5 Nxd5 27.e4 Nxb4 28.d5 Qf7 29.
Bxb4 Ne5 30.Qxh6 Qxf2+ 31.Kh1 Bf6 32.c6 Rf7 33.Bc5 Qc2 34.cxb7 Rb8 35.Bd6 
Bg7 36.Qe6 Rxb7 37.Bxe5 Re7 38.Qxg4 Rxe5 39.Nd4 Qc4 40.Ne6 Bxe4 41.Bxe4 
Rxe4 42.Rxe4 1-0

[Event "3rd EUR-ch"]
[Site "Batumi GEO"]
[Date "2002.06.16"]
[Round "5"]
[White "Socko, Bartosz"]
[Black "Graf, Alexander"]
[Result "1-0"]
[WhiteElo "2564"]
[BlackElo "2623"]
[EventDate "2002.06.12"]
[PlyCount "107"]

1.e4 e5 2.Nf3 Nc6 3.Bb5 a6 4.Bxc6 dxc6 5.O-O f6 6.d4 exd4 7.Nxd4 c5 8.Ne2 
Qxd1 9.Rxd1 Bd7 10.Nbc3 O-O-O 11.Be3 Re8 12.Rd2 Bc6 13.Rad1 b6 14.Nf4 Nh6 
15.Nfd5 Ng4 16.Nf4 Nh6 17.Nfd5 Ng4 18.Bf4 Ne5 19.b3 Kb7 20.Bg3 h5 21.h4 
Bd6 22.Ne3 c4 23.Ncd5 Bc5 24.Nf5 Bxd5 25.Rxd5 g6 26.Ne3 cxb3 27.cxb3 Bxe3 
28.fxe3 Re6 29.Bxe5 fxe5 30.Rd7 b5 31.b4 Kb6 32.Kh2 Ra8 33.a3 a5 34.Rg7 
axb4 35.axb4 Ra4 36.Rdd7 Rxb4 37.Rxc7 Rxe4 38.Rb7+ Kc5 39.Rb8 Rxh4+ 40.Kg1
Rb4 41.Rgb7 Rb2 42.Kh2 Rf6 43.Kh3 Rff2 44.Re7 Kd5 45.Rbe8 Rf5 46.Rg7 Rg5 
47.g3 Rb3 48.Rb7 Ke4 49.Kh2 Kxe3 50.Reb8 e4 51.Re8 Kf3 52.Rf7+ Rf5 53.Rc7 
e3 54.Rce7 1-0

[Event "3rd EUR-ch"]
[Site "Batumi GEO"]
[Date "2002.06.16"]
[Round "5"]
[White "Galkin, Alexander"]
[Black "Gashimov, Vugar"]
[Result "1-0"]
[WhiteElo "2569"]
[BlackElo "2470"]
[EventDate "2002.06.12"]
[PlyCount "79"]

1.e4 c5 2.Nf3 d6 3.d4 cxd4 4.Nxd4 Nf6 5.Nc3 a6 6.Be2 e6 7.O-O Be7 8.f4 Nc6
9.Be3 O-O 10.a4 Qc7 11.Kh1 Re8 12.Bf3 Nxd4 13.Qxd4 e5 14.Qd2 exf4 15.Bxf4 
Be6 16.Rfd1 Red8 17.a5 Rac8 18.Ra4 Nd7 19.Bxd6 Bxd6 20.Qxd6 Qxd6 21.Rxd6 
Ne5 22.Rxd8+ Rxd8 23.Nd5 Bxd5 24.Rd4 Rc8 25.Rxd5 Nc4 26.b3 Ne3 27.Rd7 Nxc2
28.Kg1 Kf8 29.Be2 Na3 30.Rxb7 Rc1+ 31.Kf2 Rc2 32.Ke3 Ra2 33.Bxa6 Nc2+ 34.
Kd3 Ne1+ 35.Ke3 Rxa5 36.Bc4 Rh5 37.Rxf7+ Ke8 38.Rf1 Rxh2 39.Rxe1 Rxg2 40.
e5 1-0

[Event "3rd EUR-ch"]
[Site "Batumi GEO"]
[Date "2002.06.16"]
[Round "5"]
[White "Kacheishvili, Giorgi"]
[Black "Potkin, Vladimir"]
[Result "1-0"]
[WhiteElo "2584"]
[BlackElo "2493"]
[EventDate "2002.06.12"]
[PlyCount "109"]

1.d4 d5 2.c4 e6 3.Nf3 c5 4.e3 Nf6 5.cxd5 exd5 6.Bb5+ Bd7 7.Bxd7+ Nbxd7 8.
dxc5 Nxc5 9.O-O Be7 10.Bd2 O-O 11.Bc3 Nfe4 12.Bd4 Ne6 13.Nc3 Nxd4 14.Nxd4 
Bf6 15.Nce2 Qb6 16.Qb3 Qxb3 17.axb3 a6 18.Ra5 Rfd8 19.Rd1 Rac8 20.b4 Be7 
21.f3 Nf6 22.b5 axb5 23.Rxb5 Rd7 24.Ra1 g6 25.Ra7 Rcc7 26.Raa5 Rc4 27.g4 
h6 28.Nf4 Kg7 29.Nd3 Bd6 30.Ra7 Rcc7 31.h4 h5 32.g5 Ng8 33.f4 Ne7 34.Ra8 
Rc4 35.Kf2 Rcc7 36.Ke2 Rc4 37.Kd2 Rcc7 38.b3 Kh7 39.Ra1 Kg7 40.Ra2 Rc8 41.
Ra4 Rcc7 42.Ra8 Kh7 43.Re8 Kg7 44.Kd1 Rc3 45.Ke2 Rcc7 46.Kd2 Kh7 47.Ra5 b6
48.Raa8 Ra7 49.Rh8+ Kg7 50.Raf8 Ra2+ 51.Kd1 Rda7 52.f5 Ra1+ 53.Kc2 R1a2+ 
54.Nb2 Be5 55.Ne6+ 1-0

[Event "3rd EUR-ch"]
[Site "Batumi GEO"]
[Date "2002.06.16"]
[Round "5"]
[White "Gaprindashvili, Valerian"]
[Black "Izoria, Zviad"]
[Result "1/2-1/2"]
[WhiteElo "2476"]
[BlackElo "2556"]
[EventDate "2002.06.12"]
[PlyCount "30"]

1.d4 Nf6 2.c4 e6 3.Nc3 Bb4 4.e3 O-O 5.Bd3 c5 6.Ne2 cxd4 7.exd4 d5 8.cxd5 
Nxd5 9.O-O Nf6 10.Nf4 Nc6 11.Be3 Bd6 12.Nh5 Be7 13.Nf4 Bd6 14.Nh5 Be7 15.
Nf4 Bd6 1/2-1/2

[Event "3rd EUR-ch"]
[Site "Batumi GEO"]
[Date "2002.06.16"]
[Round "5"]
[White "Gagunashvili, Merab"]
[Black "Goloshchapov, Alexander"]
[Result "1-0"]
[WhiteElo "2472"]
[BlackElo "2543"]
[EventDate "2002.06.12"]
[PlyCount "119"]

1.d4 Nf6 2.c4 g6 3.Nf3 Bg7 4.g3 d5 5.Bg2 dxc4 6.Qa4+ Nfd7 7.Qxc4 Nb6 8.Qc2
Nc6 9.O-O Bg4 10.e3 Qc8 11.Nc3 O-O 12.a3 Rd8 13.b3 e5 14.Nxe5 Nxe5 15.dxe5
Bxe5 16.Bb2 c6 17.Ne4 Bxb2 18.Qxb2 Nd5 19.Rfc1 Bf5 20.Nc5 Nc7 21.b4 Rb8 
22.Rd1 Ne6 23.Nb3 Bd3 24.a4 Qc7 25.Qc3 Be2 26.Re1 Ba6 27.Nd4 Nxd4 28.exd4 
Qd7 29.d5 Rbc8 30.Qf6 Qf5 31.Qxf5 gxf5 32.dxc6 bxc6 33.Re7 Bd3 34.Rxa7 Rd4
35.Rd1 Rcd8 36.Rb7 Be4 37.Rxd4 Rxd4 38.Bxe4 fxe4 39.a5 Rd1+ 40.Kg2 Ra1 41.
Rc7 Ra4 42.Rxc6 Rxb4 43.a6 Ra4 44.Kh3 Kg7 45.g4 Ra3+ 46.Kh4 h6 47.Rb6 Kh7 
48.g5 hxg5+ 49.Kxg5 Kg7 50.Kg4 Ra2 51.Kg3 Ra3+ 52.Kf4 Rf3+ 53.Kxe4 Rxf2 
54.Kd5 f5 55.Kc6 f4 56.a7 Ra2 57.Kb7 f3 58.a8=Q Rxa8 59.Kxa8 f2 60.Rb1 1-0

[Event "3rd EUR-ch"]
[Site "Batumi GEO"]
[Date "2002.06.16"]
[Round "5"]
[White "Mchedlishvili, Mikheil"]
[Black "Minasian, Ara"]
[Result "1/2-1/2"]
[WhiteElo "2540"]
[BlackElo "2473"]
[EventDate "2002.06.12"]
[PlyCount "37"]

1.d4 f5 2.Nc3 d5 3.Bg5 g6 4.e3 Nh6 5.Nf3 Nf7 6.Bf4 c6 7.Ne5 Bg7 8.Nxf7 
Kxf7 9.Qf3 Nd7 10.h4 e5 11.dxe5 Nxe5 12.Qg3 Ng4 13.Be2 Re8 14.O-O-O h5 15.
Bxg4 fxg4 16.e4 Qa5 17.exd5 Bxc3 18.Qxc3 Qxc3 19.bxc3 1/2-1/2

[Event "3rd EUR-ch"]
[Site "Batumi GEO"]
[Date "2002.06.16"]
[Round "5"]
[White "Shengelia, Davit"]
[Black "Markowski, Tomasz"]
[Result "1/2-1/2"]
[WhiteElo "2415"]
[BlackElo "2538"]
[EventDate "2002.06.12"]
[PlyCount "71"]

1.d4 d6 2.Nf3 g6 3.c4 Bg7 4.Nc3 c5 5.dxc5 Bxc3+ 6.bxc3 dxc5 7.Qxd8+ Kxd8 
8.g3 Nf6 9.Bg2 Ne4 10.Ne5 Nd6 11.Be3 Na6 12.Bd5 f6 13.Nd3 e6 14.Bg2 Nxc4 
15.Bxc5 Nxc5 16.Nxc5 Rb8 17.O-O-O+ Ke7 18.Rd4 Ne5 19.Rhd1 b6 20.Nd3 Nxd3+ 
21.R1xd3 b5 22.Rd6 Rb6 23.Rxb6 axb6 24.Bc6 e5 25.Bxb5 Bf5 26.Rd2 h5 27.Bd3
e4 28.Bc2 h4 29.Rd4 hxg3 30.hxg3 Rh2 31.g4 e3 32.fxe3 Bxc2 33.Kxc2 Rxe2+ 
34.Kd3 Rxa2 35.Rb4 Rg2 36.Rxb6 1/2-1/2

[Event "3rd EUR-ch"]
[Site "Batumi GEO"]
[Date "2002.06.16"]
[Round "5"]
[White "Jojua, Davit"]
[Black "Riazantsev, Alexander"]
[Result "0-1"]
[WhiteElo "2125"]
[BlackElo "2527"]
[EventDate "2002.06.12"]
[PlyCount "174"]

1.e4 e6 2.d4 d5 3.exd5 exd5 4.Nf3 Nf6 5.Bd3 Be7 6.O-O O-O 7.c3 Bg4 8.Nbd2 
Nbd7 9.Qc2 Bd6 10.h3 Bh5 11.Nh4 c5 12.Ndf3 c4 13.Bf5 Bg6 14.Bg5 Qc7 15.
Rfe1 Rfe8 16.Nxg6 hxg6 17.Bxd7 Nxd7 18.Rxe8+ Rxe8 19.Re1 Qb8 20.Rxe8+ Qxe8
21.Qa4 a6 22.Qa5 Qe6 23.Qd8+ Nf8 24.Be3 Qd7 25.Qxd7 Nxd7 26.Nd2 b5 27.a3 
f6 28.g3 Kf7 29.Nf1 Ke6 30.Kg2 Nb6 31.Kf3 a5 32.Bc1 b4 33.axb4 axb4 34.
cxb4 Bxb4 35.Ne3 Ba5 36.Nc2 Na4 37.Ke3 Kd6 38.Ke2 Kc6 39.Kf3 Kb5 40.Ke3 
Bb4 41.Ke2 Nb6 42.Bd2 Bd6 43.Bc3 Ka4 44.Na1 Nc8 45.Kd2 Bc7 46.Nc2 Kb3 47.
Ne1 Ka4 48.Nc2 Kb3 49.Na1+ Ka2 50.Nc2 Ne7 51.Ne3 Kb3 52.h4 Bd6 53.Kd1 Bc7 
54.Kd2 f5 55.f4 Ka4 56.Kc2 Bd6 57.Kd2 Kb5 58.Ke2 Kc6 59.Kf3 Kd7 60.Ba5 Ke6
61.Bc3 Ng8 62.Kg2 Nf6 63.Kf3 Be7 64.Kg2 Ne4 65.Kf3 Bf6 66.Kg2 Nd6 67.Kf3 
Nb5 68.Nc2 Bd8 69.Ke3 Bb6 70.Ke2 Nd6 71.Kf3 Bd8 72.Ne3 Ne4 73.Kg2 Bb6 74.
Kf3 Bc7 75.Kg2 Bd8 76.Kf3 Bb6 77.Kg2 Nd6 78.Nc2 Nb5 79.Kf3 Nxc3 80.bxc3 
Ba5 81.Ke3 Bxc3 82.Na3 Kd7 83.Nc2 Kd6 84.Na3 Kc6 85.Nc2 Kb5 86.Ke2 Ka4 87.
Kd1 Kb3 0-1

[Event "3rd EUR-ch"]
[Site "Batumi GEO"]
[Date "2002.06.16"]
[Round "5"]
[White "Popov, Valery"]
[Black "Jirovsky, Milos"]
[Result "1-0"]
[WhiteElo "2575"]
[BlackElo "2446"]
[EventDate "2002.06.12"]
[PlyCount "123"]

1.d4 d5 2.c4 e6 3.Nc3 Nf6 4.Bg5 c6 5.Nf3 Nbd7 6.cxd5 exd5 7.e3 Be7 8.Qc2 
O-O 9.Bd3 Re8 10.O-O Nf8 11.h3 Be6 12.Ne5 N6d7 13.Bxe7 Qxe7 14.f4 f6 15.
Nf3 Nb6 16.Rae1 Qd6 17.g4 Re7 18.Qf2 Rae8 19.Re2 Bd7 20.Rfe1 a6 21.Kg2 c5 
22.dxc5 Qxc5 23.Rc2 Qd6 24.Rd2 Kh8 25.Nd4 Bc8 26.Kf1 Rd8 27.b3 Qb4 28.Rc2 
Be6 29.Nce2 Nbd7 30.Rcc1 Nb8 31.Rc3 Qb6 32.Qg3 Bd7 33.Kf2 Rde8 34.Bf5 Bb5 
35.Rd1 Nc6 36.Nxb5 Qxb5 37.Qf3 Rd8 38.Rcd3 Nb4 39.R3d2 Rde8 40.Nc3 Qb6 41.
Re2 d4 42.exd4 Rxe2+ 43.Nxe2 Nxa2 44.Be4 Re7 45.Ra1 Nb4 46.Rc1 g6 47.f5 
Qd6 48.Rc8 Kg7 49.Kg2 Ne6 50.fxe6 Qxe6 51.Rc4 b5 52.d5 Nxd5 53.Rd4 Nb6 54.
Qc3 Qe5 55.Ng1 Rc7 56.Qd3 a5 57.Nf3 Qc5 58.Rd6 b4 59.Nd4 Qxd6 60.Nf5+ gxf5
61.Qxd6 Rf7 62.Bxf5 1-0

[Event "3rd EUR-ch"]
[Site "Batumi GEO"]
[Date "2002.06.16"]
[Round "5"]
[White "Velicka, Petr"]
[Black "Minasian, Artashes"]
[Result "0-1"]
[WhiteElo "2437"]
[BlackElo "2572"]
[EventDate "2002.06.12"]
[PlyCount "72"]

1.e4 c5 2.Nf3 g6 3.c4 Bg7 4.d4 d6 5.d5 e6 6.Nc3 Ne7 7.dxe6 Bxe6 8.Bf4 Nc8 
9.Qd2 Nc6 10.Be2 O-O 11.O-O Bg4 12.Rfd1 Bxf3 13.Bxf3 Nd4 14.Nb5 Re8 15.
Rab1 a6 16.Nxd4 cxd4 17.b4 Nb6 18.Qd3 Rc8 19.Rbc1 Qf6 20.Bd2 Qe6 21.e5 
dxe5 22.Bxb7 Rxc4 23.Bxa6 Rxc1 24.Rxc1 Qxa2 25.f3 h5 26.Bb7 Kh7 27.b5 Re7 
28.Bc6 Ra7 29.Kf1 Ra3 30.Qc2 Qe6 31.Qc5 Ra2 32.Be1 Bh6 33.Rc2 d3 34.Rxa2 
Qxa2 35.Qxe5 Nc4 36.Bd5 Be3 0-1

[Event "3rd EUR-ch"]
[Site "Batumi GEO"]
[Date "2002.06.16"]
[Round "5"]
[White "Aronian, Levon"]
[Black "Bagaturov, Giorgi"]
[Result "1-0"]
[WhiteElo "2571"]
[BlackElo "2434"]
[EventDate "2002.06.12"]
[PlyCount "81"]

1.d4 Nf6 2.c4 e6 3.Nf3 b6 4.g3 Bb7 5.Bg2 Be7 6.O-O O-O 7.Nc3 Ne4 8.Bd2 f5 
9.Rc1 Bf6 10.d5 Na6 11.a3 c6 12.dxc6 dxc6 13.b4 c5 14.Nxe4 fxe4 15.Ne1 
cxb4 16.axb4 Rc8 17.Bh3 Qe7 18.Ng2 Rcd8 19.Qe1 Be5 20.Rb1 Rc8 21.Bc3 Qf6 
22.Bxe5 Qxe5 23.Ne3 Nb8 24.Qd2 Rfe8 25.c5 bxc5 26.bxc5 Bc6 27.Qd6 Qxd6 28.
cxd6 a5 29.Rfc1 Nd7 30.Rc3 Kf7 31.Rbc1 Ne5 32.Bg2 Bd7 33.Bxe4 Rxc3 34.Rxc3
Rc8 35.Rxc8 Bxc8 36.f4 Nd7 37.Nc4 Ba6 38.Nxa5 Bxe2 39.Kf2 Bg4 40.Nc4 Kf6 
41.Ne5 1-0

[Event "3rd EUR-ch"]
[Site "Batumi GEO"]
[Date "2002.06.16"]
[Round "5"]
[White "Babaev, Rashad"]
[Black "Kempinski, Robert"]
[Result "0-1"]
[WhiteElo "2430"]
[BlackElo "2570"]
[EventDate "2002.06.12"]
[PlyCount "80"]

1.e4 c5 2.Nf3 d6 3.d4 cxd4 4.Nxd4 Nf6 5.Nc3 a6 6.Be2 e6 7.O-O Be7 8.a4 Qc7
9.Kh1 Nc6 10.f4 O-O 11.Be3 Re8 12.Bf3 Na5 13.Qe1 Nc4 14.Bc1 e5 15.Nde2 Qc5
16.fxe5 Nxe5 17.Nf4 Bd7 18.b3 Rac8 19.Bb2 b5 20.axb5 axb5 21.Rc1 Bc6 22.
Qg3 Bf8 23.Ncd5 Bxd5 24.exd5 Qa7 25.Ne2 Qa2 26.Bxe5 dxe5 27.Bg4 Nxg4 28.
Qxg4 Qa7 29.Ng3 Kh8 30.Ne4 b4 31.d6 Red8 32.Rcd1 Qd7 33.Qf3 f6 34.Rd2 Qe6 
35.Rfd1 f5 36.Ng5 Qg6 37.d7 Rc3 38.Qd5 Qxg5 39.Qxe5 h6 40.h3 Re3 0-1

[Event "3rd EUR-ch"]
[Site "Batumi GEO"]
[Date "2002.06.16"]
[Round "5"]
[White "Malakhatko, Vadim"]
[Black "Bae, Torstein"]
[Result "1-0"]
[WhiteElo "2517"]
[BlackElo "2314"]
[EventDate "2002.06.12"]
[PlyCount "119"]

1.d4 Nf6 2.Nf3 g6 3.Bg5 Bg7 4.Nbd2 O-O 5.c3 d6 6.e4 Nbd7 7.Bd3 e5 8.O-O 
Qe7 9.Re1 Re8 10.a4 Nf8 11.h3 Ne6 12.Be3 exd4 13.cxd4 d5 14.e5 Nd7 15.Nb3 
b6 16.a5 c5 17.Bb5 c4 18.Nc1 Nc7 19.Bc6 Rb8 20.Ne2 Qe6 21.Ba4 b5 22.Bc2 
Nf8 23.Nh2 Qc6 24.f4 f5 25.g4 b4 26.Kh1 b3 27.Bb1 Nce6 28.gxf5 gxf5 29.Nf3
Ng6 30.Kh2 Bh6 31.Qd2 Ng7 32.Ng3 Be6 33.Rc1 Qd7 34.Ng1 Nh4 35.Qf2 Qf7 36.
a6 Kh8 37.Ra5 Rg8 38.N1e2 Nh5 39.Rg1 Rb6 40.Nf1 Ng6 41.Nfg3 Nh4 42.Nf1 Ng6
43.Qf3 Nh4 44.Rxg8+ Qxg8 45.Qf2 Ng6 46.Nfg3 Nxg3 47.Nxg3 Ne7 48.Nh5 Qg6 
49.Qh4 Nc6 50.Ra4 Rb8 51.Qf6+ Qxf6 52.Nxf6 Nb4 53.Kg3 Nc2 54.Bf2 Rc8 55.
Ra5 c3 56.bxc3 Rxc3+ 57.Kg2 Bxf4 58.Rb5 Na3 59.Rb7 Bg8 60.Bxf5 1-0

[Event "3rd EUR-ch"]
[Site "Batumi GEO"]
[Date "2002.06.16"]
[Round "5"]
[White "Bagirov, Rufat"]
[Black "Sulashvili, Malkhaz"]
[Result "1-0"]
[WhiteElo "2516"]
[BlackElo "2254"]
[EventDate "2002.06.12"]
[PlyCount "63"]

1.d4 d5 2.c4 e6 3.Nf3 c6 4.Nc3 dxc4 5.e3 b5 6.a4 Bb4 7.Bd2 a5 8.axb5 Bxc3 
9.Bxc3 cxb5 10.b3 Bb7 11.bxc4 b4 12.Bb2 Nf6 13.Bd3 Nbd7 14.O-O O-O 15.Qc2 
Qc7 16.c5 Rfe8 17.Nd2 Qc6 18.f3 a4 19.Nc4 h6 20.Nd6 a3 21.Nxe8 Rxe8 22.Bc1
Ba6 23.Bd2 Bxd3 24.Qxd3 Rb8 25.Rfb1 Qa4 26.Qc4 Nd5 27.e4 Ne7 28.Rxb4 Rxb4 
29.Qxb4 Qxb4 30.Bxb4 Nc6 31.Bc3 e5 32.d5 1-0

[Event "3rd EUR-ch"]
[Site "Batumi GEO"]
[Date "2002.06.16"]
[Round "5"]
[White "Petrov, Marijan"]
[Black "Aroshidze, Levan"]
[Result "1-0"]
[WhiteElo "2469"]
[BlackElo "2346"]
[EventDate "2002.06.12"]
[PlyCount "81"]

1.e4 c5 2.Nf3 e6 3.c3 d5 4.e5 d4 5.Bd3 Ne7 6.O-O Ng6 7.Be4 Be7 8.d3 O-O 9.
Nbd2 Nd7 10.Nc4 Rb8 11.a4 dxc3 12.bxc3 b6 13.d4 Ba6 14.Bd3 cxd4 15.cxd4 
Rc8 16.Nd6 Bxd3 17.Nxc8 Bxf1 18.Nxe7+ Nxe7 19.Qxf1 Nd5 20.Ba3 Re8 21.Rc1 
Nb8 22.Qc4 Qd7 23.Ng5 a6 24.Bd6 h6 25.Ne4 b5 26.axb5 axb5 27.Qd3 Na6 28.h4
Ra8 29.Qg3 Kh8 30.Ra1 Nac7 31.Rxa8+ Nxa8 32.Bf8 f5 33.exf6 gxf6 34.Nc5 Qc7
35.Qg6 Qh7 36.Qe8 Nac7 37.Qd8 Qg8 38.Nd7 f5 39.Nf6 Nxf6 40.Qxf6+ Kh7 41.
Qxh6# 1-0

[Event "3rd EUR-ch"]
[Site "Batumi GEO"]
[Date "2002.06.16"]
[Round "5"]
[White "Dovliatov, Sanan"]
[Black "Priehoda, Vitezslav"]
[Result "0-1"]
[WhiteElo "2318"]
[BlackElo "2425"]
[EventDate "2002.06.12"]
[PlyCount "108"]

1.e4 c5 2.Nf3 e6 3.d4 cxd4 4.Nxd4 a6 5.Be2 Nf6 6.Nc3 Qc7 7.O-O Bb4 8.Qd3 
Nc6 9.Nxc6 bxc6 10.f4 d5 11.e5 Nd7 12.Qg3 O-O 13.Bd3 f5 14.exf6 Nxf6 15.
Ne2 Bd6 16.Qh4 a5 17.Bd2 c5 18.c4 d4 19.Ng3 Be7 20.Nh5 g6 21.Nxf6+ Rxf6 
22.Rae1 Rf7 23.Qg3 Bd7 24.Re5 Raf8 25.h4 Bf6 26.Re2 Kh8 27.Qe1 a4 28.Re4 
Bg7 29.g4 Qc8 30.Qg3 Qb8 31.Bc1 e5 32.fxe5 Bc6 33.Ref4 Bxe5 34.Rxf7 Rxf7 
35.Qh3 Rxf1+ 36.Qxf1 Bh2+ 37.Kf2 Qg3+ 38.Ke2 Qxg4+ 39.Kd2 Qf4+ 40.Kc2 Qxf1
41.Bxf1 Kg7 42.Bd3 h6 43.b3 axb3+ 44.Kxb3 Bg3 45.a4 Bxh4 46.Bf4 Bd8 47.Bd6
Bb6 48.a5 Bxa5 49.Bxc5 Bc3 50.Bb4 Bxb4 51.Kxb4 h5 52.Kc5 h4 53.Bf1 d3 54.
Kxc6 d2 0-1

[Event "3rd EUR-ch"]
[Site "Batumi GEO"]
[Date "2002.06.16"]
[Round "5"]
[White "Shanava, Konstantine"]
[Black "Erdogdu, Mert"]
[Result "1/2-1/2"]
[WhiteElo "2390"]
[BlackElo "2295"]
[EventDate "2002.06.12"]
[PlyCount "144"]

1.e4 c5 2.Nf3 d6 3.d4 cxd4 4.Nxd4 Nf6 5.Nc3 a6 6.Be2 e6 7.O-O Be7 8.f4 Qc7
9.Be3 O-O 10.g4 d5 11.exd5 Nxd5 12.Nxd5 exd5 13.Bf3 Nc6 14.Qd2 Bd7 15.c3 
Rfe8 16.Rae1 Nxd4 17.Bxd4 Bb5 18.Be2 Bh4 19.Bf2 Bxe2 20.Rxe2 Rxe2 21.Qxe2 
Bxf2+ 22.Rxf2 Qd7 23.Qf3 Re8 24.Rd2 Rd8 25.Kg2 h6 26.h3 Qc6 27.Kf2 Rd6 28.
f5 Qc4 29.b3 Qc5+ 30.Qe3 Rc6 31.Qxc5 Rxc5 32.Rd3 Kf8 33.Ke3 Ke7 34.Kd4 Kd6
35.Re3 Rc8 36.Re1 b5 37.f6 gxf6 38.Rf1 Ke6 39.Rf5 Rc7 40.Rh5 a5 41.Rxh6 b4
42.cxb4 axb4 43.h4 Ke7 44.Kxd5 Rc2 45.Rh8 Rg2 46.Rg8 Rxa2 47.Rb8 Rh2 48.
Rb7+ Kf8 49.Rxb4 Rxh4 50.Rc4 Ke7 51.b4 Kd7 52.b5 Rh1 53.b6 Rd1+ 54.Kc5 Kc8
55.Kc6 Re1 56.Rd4 Rc1+ 57.Kd6 Re1 58.Kc5 Rc1+ 59.Kb5 Rb1+ 60.Rb4 Ra1 61.
Rc4+ Kb8 62.Re4 Rb1+ 63.Kc6 Rc1+ 64.Kd6 Rf1 65.Rc4 f5 66.g5 Rg1 67.Kc6 
Rxg5 68.Rd4 Rg6+ 69.Kb5 Rg1 70.Rd8+ Kb7 71.Rd7+ Kb8 72.Rxf7 Rb1+ 1/2-1/2

[Event "3rd EUR-ch"]
[Site "Batumi GEO"]
[Date "2002.06.16"]
[Round "5"]
[White "Olcayoz, Alper"]
[Black "Matnadze, Ana"]
[Result "0-1"]
[WhiteElo "2294"]
[BlackElo "2365"]
[EventDate "2002.06.12"]
[PlyCount "92"]

1.e4 c5 2.Nf3 d6 3.d4 cxd4 4.Qxd4 Nc6 5.Bb5 Bd7 6.Bxc6 Bxc6 7.Nc3 h6 8.Be3
Nf6 9.O-O e6 10.Qd3 Be7 11.Rad1 a6 12.Nd4 O-O 13.h3 Qc7 14.f4 Rac8 15.g4 
b5 16.a3 Qb7 17.f5 Bxe4 18.Nxe4 Nxe4 19.fxe6 fxe6 20.Rxf8+ Rxf8 21.Nxe6 
Rf3 22.Nf4 Bg5 23.Rf1 Rg3+ 24.Kh2 Bxf4 25.Rxf4 Rg2+ 26.Kxg2 Nc5+ 27.Kg3 
Nxd3 28.cxd3 Qd5 29.Bd4 g5 30.Re4 Kf7 31.h4 Qb3 32.Re3 Qa4 33.Rf3+ Kg8 34.
Bc3 h5 35.d4 Qd1 36.hxg5 Qg1+ 37.Kf4 Qxg4+ 38.Ke3 Qxg5+ 39.Ke2 h4 40.Be1 
Qc1 41.Bc3 a5 42.Kd3 h3 43.Rg3+ Kf7 44.Rf3+ Ke6 45.Re3+ Kf5 46.Re1 Qxe1 
0-1

[Event "3rd EUR-ch"]
[Site "Batumi GEO"]
[Date "2002.06.16"]
[Round "5"]
[White "Chigladze, Iveri"]
[Black "Bayram, Yakup"]
[Result "1/2-1/2"]
[WhiteElo "2149"]
[BlackElo "2312"]
[EventDate "2002.06.12"]
[PlyCount "124"]

1.d4 Nf6 2.c4 g6 3.Nc3 Bg7 4.Nf3 O-O 5.Bf4 d5 6.e3 c5 7.dxc5 Ne4 8.Rc1 
Nxc3 9.bxc3 Qa5 10.cxd5 Bxc3+ 11.Nd2 Nd7 12.Qc2 Bb4 13.Be2 Nxc5 14.e4 Bd7 
15.O-O Rfc8 16.Nc4 Qa4 17.a3 Qxc2 18.Rxc2 Nb3 19.Rb2 Nd4 20.Bd3 Bc3 21.
Rxb7 Bb5 22.Ne5 Bxd3 23.Nxd3 Ne2+ 24.Kh1 Nxf4 25.Nxf4 Be5 26.g3 Bd6 27.Rb3
a5 28.Re3 Be5 29.Rb1 Rab8 30.Rxb8 Rxb8 31.Ne2 a4 32.f4 Bb2 33.Kg2 Rb3 34.
Kf3 Bxa3 35.Rxb3 axb3 36.Nc3 Bb4 37.Nb1 e6 38.dxe6 fxe6 39.h3 Kf7 40.Ke3 
Bc5+ 41.Kd3 Kf6 42.g4 g5 43.f5 b2 44.Nd2 Bb4 45.e5+ Kxe5 46.Nc4+ Kf4 47.
Nxb2 exf5 48.gxf5 Kg3 49.Ke2 Kxh3 50.Nd3 Ba3 51.Nf2+ Kg2 52.Ne4 h6 53.Nf6 
Kg3 54.Ng8 h5 55.Nf6 Bb2 56.Ne4+ Kf4 57.Nxg5 Kxg5 58.Kf2 Kxf5 59.Kg2 Kg4 
60.Kh1 h4 61.Kg2 Bd4 62.Kh1 Kg3 1/2-1/2

[Event "3rd EUR-ch"]
[Site "Batumi GEO"]
[Date "2002.06.16"]
[Round "5"]
[White "Klerides, Paris"]
[Black "Gassanov, Assif"]
[Result "0-1"]
[WhiteElo "2210"]
[BlackElo "2319"]
[EventDate "2002.06.12"]
[PlyCount "62"]

1.e4 c5 2.Nf3 Nc6 3.d4 cxd4 4.Nxd4 g6 5.c4 Bg7 6.Be3 Nf6 7.Nc3 O-O 8.Be2 
b6 9.O-O Bb7 10.f3 e6 11.Ndb5 d5 12.cxd5 exd5 13.exd5 Nb4 14.d6 Nfd5 15.
Nxd5 Nxd5 16.Bd4 Qg5 17.Rf2 Bxd4 18.Qxd4 Nf4 19.Nc7 Rad8 20.Kh1 h5 21.Bd3 
Rxd6 22.Qxd6 Rd8 23.Qa3 Rxd3 24.Qxa7 Qc5 25.Qb8+ Kh7 26.Ne8 Qxf2 27.Qxf4 
Rxf3 28.Nf6+ Kg7 29.Nxh5+ Kg8 30.Qb8+ Kh7 31.Ng3 Re3 0-1

[Event "3rd EUR-ch"]
[Site "Batumi GEO"]
[Date "2002.06.16"]
[Round "5"]
[White "Kamadadze, Zviad"]
[Black "Yilmaz, Turhan"]
[Result "1-0"]
[WhiteElo "2225"]
[BlackElo "2303"]
[EventDate "2002.06.12"]
[PlyCount "145"]

1.d4 f5 2.c4 Nf6 3.g3 e6 4.Bg2 d5 5.b3 c6 6.Nf3 Bb4+ 7.Nbd2 O-O 8.Bb2 Bd7 
9.O-O Be8 10.Ne5 Bh5 11.Ndf3 Nbd7 12.Nd3 Bd6 13.Nfe5 Qe7 14.Qc2 Rac8 15.c5
Bb8 16.b4 Nxe5 17.dxe5 Ng4 18.e3 Be8 19.Bd4 h5 20.f3 Nh6 21.a4 h4 22.Qf2 
hxg3 23.hxg3 g5 24.Rfd1 Kg7 25.Kf1 Rh8 26.Ke2 Rh7 27.Rh1 Bd7 28.Rh2 Rch8 
29.Rah1 Bc7 30.Qe1 Kg8 31.Qb1 a6 32.Kd2 Be8 33.Bf1 Qg7 34.Qb2 Nf7 35.Rxh7 
Rxh7 36.Rxh7 Qxh7 37.Ke1 Qh1 38.Qg2 Qh8 39.Qh3 Qg7 40.f4 a5 41.Bc3 axb4 
42.Bxb4 Nh6 43.Kd2 Ng4 44.Be2 gxf4 45.gxf4 b6 46.Qh4 Bd7 47.cxb6 Bxb6 48.
Bc5 Ba5+ 49.Kd1 Bc8 50.Kc2 Nh6 51.Nc1 Bc7 52.Be7 Ng4 53.Bc5 Nh6 54.Nb3 Qg2
55.Qxh6 Qxe2+ 56.Kb1 Qf1+ 57.Kb2 Qg2+ 58.Ka3 Qg7 59.Qxg7+ Kxg7 60.Nd4 Kg6 
61.Kb4 Kh5 62.Nxc6 Kg4 63.a5 Kf3 64.Kb5 Ke4 65.a6 Kd3 66.a7 Bb7 67.Na5 Ba8
68.Bd4 Bd8 69.Nb3 Bh4 70.Nc5+ Ke2 71.Nxe6 Bf2 72.Nc7 Bb7 73.Kb6 1-0

[Event "3rd EUR-ch"]
[Site "Batumi GEO"]
[Date "2002.06.16"]
[Round "5"]
[White "Morchiashvili, Bachana"]
[Black "Gurcan, Selim"]
[Result "0-1"]
[WhiteElo "2167"]
[BlackElo "2283"]
[EventDate "2002.06.12"]
[PlyCount "154"]

1.e4 c5 2.Nf3 d6 3.d4 cxd4 4.Nxd4 Nf6 5.Nc3 e6 6.Be3 a6 7.f4 b5 8.a3 Bb7 
9.Bd3 Nbd7 10.Qf3 Rc8 11.Nde2 Be7 12.g4 Nb6 13.Bd4 O-O 14.Qh3 e5 15.fxe5 
dxe5 16.Bxe5 Nc4 17.Bxf6 Bxf6 18.O-O-O Qa5 19.Bxc4 Rxc4 20.Nd5 Bxd5 21.
Rxd5 Rxe4 22.Qf3 Rfe8 23.Ng3 Re3 24.Qf5 Re1+ 25.Rd1 R1e5 26.Qd7 Qb6 27.Qd6
Qe3+ 28.Kb1 R5e6 29.Qd3 Qe5 30.c3 g6 31.Rhf1 Kg7 32.Qf3 Qe3 33.Qg2 Qg5 34.
h3 a5 35.Rc1 Re3 36.Qf2 Qe5 37.g5 Bxg5 38.Qxf7+ Kh8 39.Rcd1 Qe7 40.Rd7 
Re1+ 41.Rxe1 Qxf7 42.Rxf7 Rxe1+ 43.Kc2 Re3 44.Nf1 Re2+ 45.Kb1 Kg8 46.Rf3 
Re1+ 47.Ka2 Kg7 48.Nh2 Re2 49.Ng4 h5 50.Rf2 Re1 51.Nh2 Bf6 52.Kb3 Re3 53.
Rf3 Re2 54.Nf1 a4+ 55.Ka2 Bg5 56.Ng3 Rh2 57.Ne4 Bc1 58.Nf2 Bg5 59.Nd3 Re2 
60.Rg3 Kh6 61.Nb4 Bc1 62.Nd3 Bg5 63.Nb4 Bf6 64.Nd5 Be5 65.Re3 Rxe3 66.Nxe3
g5 67.Kb1 g4 68.Nxg4+ hxg4 69.hxg4 Kg5 70.Kc2 Kxg4 71.b3 Kf5 72.c4 bxc4 
73.bxc4 Ke6 74.Kd3 Kd6 75.Kc2 Kc5 76.Kb1 Kxc4 77.Ka2 Bf6 0-1